Least Densely Populated U.S. States - Statistics

General Stats
  • This quiz has been taken 138 times
  • The average score is 9 of 10
Answer Stats
Rank # People Per Sq. Mile Answer % Correct
1 1.3 Alaska
97%
5 11.3 South Dakota
97%
3 7.1 Montana
95%
4 11 North Dakota
95%
2 6 Wyoming
93%
7 20 Idaho
91%
8 24.7 Nebraska
89%
6 17.2 New Mexico
88%
10 35.6 Kansas
85%
9 26.3 Nevada
82%
No matching quizzes found
Score Distribution
Percent of People with Each Score
Percentile by Number Answered
Your Score History
You have not taken this quiz